书目信息 |
| 题名: |
食品与包装机械技术路线图
|
|
| 作者: | ;中国机械工程学会 编著 | |
| 分册: | ||
| 出版信息: | 北京 中国科学技术出版社 2019.10 |
|
| 页数: | 134页 | |
| 开本: | 26cm | |
| 丛书名: | 中国科协学科发展预测与技术路线图系列报告 | |
| 单 册: | ||
| 中图分类: | TS203 , TB486 | |
| 科图分类: | ||
| 主题词: | 食品加工机械--shi pin jia gong ji xie--技术发展--研究报告--中国 , 包装机械--bao zhuang ji xie--技术发展--研究报告--中国 | |
| 电子资源: | ||
| ISBN: | 978-7-5046-8208-6 | |
| 000 | 01341nam 2200289 450 | |
| 001 | CAL 0120192899128 | |
| 005 | 20230217093111.0 | |
| 010 | @a978-7-5046-8208-6@dCNY60.00 | |
| 100 | @a20191118d2019 em y0chiy0120 ea | |
| 101 | 0 | @achi |
| 102 | @aCN@b110000 | |
| 105 | @aa a 001yy | |
| 106 | @ar | |
| 200 | 1 | @a食品与包装机械技术路线图@Ashi pin yu bao zhuang ji xie ji shu lu xian tu@f中国机械工程学会包装与食品工程分会编著 |
| 210 | @a北京@c中国科学技术出版社@d2019.10 | |
| 215 | @a134页@c图@d26cm | |
| 225 | 2 | @a中国科协学科发展预测与技术路线图系列报告@Azhong guo ke xie xue ke fa zhan yu ce yu ji shu lu xian tu xi lie bao gao |
| 320 | @a有书目和索引 | |
| 330 | @a本书主要内容包括: 食品与包装机械技术的发展现状和趋势 ; 食品与包装机械的共性技术 ; 食品机械通用技术发展展望 ; 食品机械专用技术发展展望 ; 包装机械通用技术发展展望 ; 包装机械专用技术发展展望等8章。 | |
| 410 | 0 | @12001 @a中国科协学科发展预测与技术路线图系列报告 |
| 606 | 0 | @a食品加工机械@Ashi pin jia gong ji xie@x技术发展@x研究报告@y中国 |
| 606 | 0 | @a包装机械@Abao zhuang ji xie@x技术发展@x研究报告@y中国 |
| 690 | @aTS203@v5 | |
| 690 | @aTB486@v5 | |
| 711 | 02 | @a中国机械工程学会@Azhong guo ji xie gong cheng xue hui@b包装与食品工程分会@Bbao zhuang yu shi pin gong cheng fen hui@4编著 |
| 801 | 0 | @aCN@bBJXHZP@c20230228 |
| 905 | @b1386547-50@dTS203@e392@f4 | |
| 食品与包装机械技术路线图/中国机械工程学会包装与食品工程分会编著.-北京:中国科学技术出版社,2019.10 |
| 134页:图;26cm.-(中国科协学科发展预测与技术路线图系列报告) |
| ISBN 978-7-5046-8208-6:CNY60.00 |
| 本书主要内容包括: 食品与包装机械技术的发展现状和趋势 ; 食品与包装机械的共性技术 ; 食品机械通用技术发展展望 ; 食品机械专用技术发展展望 ; 包装机械通用技术发展展望 ; 包装机械专用技术发展展望等8章。 |
| ● |
| 相关链接 |
|
|
|
|
正题名:食品与包装机械技术路线图
索取号:TS203/392
 
预约/预借
| 序号 | 登录号 | 条形码 | 馆藏地/架位号 | 状态 | 备注 |
| 1 | 1386547 | 213865478 | 第二样本阅览室/ [索取号:TS203/392] | 在馆 | |
| 2 | 1386548 | 213865487 | 第三借阅区/ [索取号:TS203/392] | 在馆 | |
| 3 | 1386549 | 213865496 | 第三借阅区/ [索取号:TS203/392] | 在馆 | |
| 4 | 1386550 | 213865502 | 第三借阅区/ [索取号:TS203/392] | 在馆 |